| 000 | 00382cam a2200157ua 4500 | ||
|---|---|---|---|
| 041 |
_aeng _h |
||
| 082 |
_a823.308 _bMUL/TH |
||
| 100 | _aMullik, B R . | ||
| 245 |
_aTheory of literature, Vol 1 / _cB R Mullik. _hTextual Documents |
||
| 250 |
_a3 / _b. |
||
| 260 |
_aNew Delhi : _bS.Chand and Co , _c1956. |
||
| 300 | _a97 ; . | ||
| 504 | _a | ||
| 942 | _cBK | ||
| 999 |
_c5081 _d5081 |
||